Brazilian Diaspora Quiz Stats

 Plays Quiz not verified by Sporcle

Support Sporcle.
Go Orange.
Score 0/30 Timer 05:00
0 Plays Today
Number of Brazilians Country % Correct
347,968USA
99.5%
56,055UK
98.4%
129,968Portugal
96.9%
182,227Japan
96.4%
104,207Italy
96.4%
99,725Spain
95.9%
73,715Paraguay
95.3%
74,289China
95.3%
48,792Argentina
95.3%
29,345Canada
94.8%
57,405France
94.8%
63,893Germany
94.8%
20,730Australia
94.3%
10,496Uruguay
94.3%
6,198Mexico
93.8%
Number of Brazilians Country % Correct
25,688Bolivia
93.8%
6,026Venezuela
93.8%
4,859Peru
93.3%
16,089Netherlands
92.2%
18,243Chile
92.2%
3,728New Zealand
90.7%
8,319Belgium
90.2%
7,090Sweden
90.2%
10,292Ireland
87%
21,278Switzerland
86.5%
5,176Norway
86.5%
5,456Suriname
86%
3,334Denmark
86%
5,186Austria
84.5%
8,932Israel
75.6%

You're not logged in!

Compare scores with friends on all Sporcle quizzes.
OR
Log In

From the Vault

Box Office Top 20 (1990s)

by John

If you had a screaming kid in your movie in the '90s, you might as well have been printing money.
Remove Ads.
Support Sporcle.
Get the best of Sporcle when you Go Orange. This ad-free experience offers more features, more stats, and more fun while also helping to support Sporcle. Thank you for becoming a member.

Show Comments

Extras

Top Quizzes Today


Score Distribution

Your Account Isn't Verified!

In order to create a playlist on Sporcle, you need to verify the email address you used during registration. Go to your Sporcle Settings to finish the process.

Report this User

Report this user for behavior that violates our Community Guidelines.

Details: